Statistics for Can You Name The TDI Elimination Order (Island)

Click here to take the quiz!

General Stats

  • This quiz has been taken 75 times
  • The average score is 20 of 25

Answer Stats

Answer% Correct
The Female BullyEva
96%
The Home-Schooled GuyEzekiel
94%
The Eye CandyJustin
94%
The SchemerNoah
94%
The Jock That Sucks At SportsTyler
94%
The Type-A Force To Be Reckoned WithCourtney
92%
The Psycho Hose BeastIzzy
92%
The Dweeb With Mad SkillsHarold
90%
The Sweet Girl's BFFFLSadie
90%
Runner Up: The LonerGwen
88%
The Sweet GirlKatie
88%
The GeekCody
86%
The Queen BHeather
86%
Winner: Crazy Party Guy/The Fart MachineOwen
86%
The Wanna-BeBeth
84%
The DelinquentDuncan
84%
The Dumb PrincessLindsay
84%
The Brickhouse With HeartDJ
80%
The Sista With "Tude"LeShawna
80%
The Funniest Guy AroundGeoff
78%
The Soulful Surfer GirlBridgette
72%
The Cool GuyTrent
72%
The Female BullyEva (Again)
38%
The Psycho Hose BeastIzzy (Again)
38%
The Psycho Hose Beast And The Female Bully ReturnEva And Izzy Return
16%

Score Distribution

Percentile by Number Answered

Percent of People with Each Score

Your Score History

You have not taken this quiz